Loading...
History - Other History | 0 | 7 | 0 | 0 | 70 | 25 | 59.00 | 3 | 6 |
History - European History | 0 | 7 | 1 | 0 | 65 | 40 | 56.29 | 2 | 5 |
History - American History | 0 | 6 | 0 | 1 | 60 | 30 | 67.33 | 0 | 2 |
Geography | 0 | 5 | 0 | 0 | 50 | 60 | 70.60 | 0 | 4 |
Religion | 0 | 4 | 0 | 0 | 40 | 43 | 73.25 | 1 | 3 |
Current Events | 0 | 4 | 1 | 0 | 35 | 59 | 68.75 | 0 | 3 |
Social Science | 0 | 3 | 0 | 2 | 30 | 78 | 94.33 | 1 | 1 |
Fine Arts - Other Fine Arts | 0 | 3 | 0 | 1 | 30 | 79 | 96.00 | 0 | 1 |
Literature - European Literature | 0 | 3 | 0 | 1 | 30 | 43 | 75.00 | 2 | 2 |
Mythology | 0 | 3 | 0 | 0 | 30 | 49 | 71.00 | 0 | 1 |
Painting/Sculpture | 0 | 3 | 0 | 0 | 30 | 72 | 84.67 | 0 | 1 |
Philosophy | 0 | 3 | 0 | 0 | 30 | 85 | 96.00 | 0 | 0 |
Pop Culture | 0 | 3 | 0 | 0 | 30 | 36 | 46.67 | 0 | 0 |
History - World History | 0 | 3 | 2 | 0 | 20 | 22 | 29.67 | 1 | 3 |
Science - Other Science | 0 | 2 | 0 | 0 | 20 | 47 | 59.00 | 0 | 0 |
Literature - American Literature | 0 | 1 | 0 | 0 | 10 | 53 | 53.00 | 0 | 1 |
Literature - World Literature | 0 | 1 | 0 | 0 | 10 | 26 | 26.00 | 1 | 1 |
Science - Chemistry | 0 | 1 | 0 | 0 | 10 | 11 | 11.00 | 1 | 1 |
Fine Arts - Classical Music | 0 | 1 | 0 | 0 | 10 | 92 | 92.00 | 0 | 0 |
Science - Physics | 0 | 0 | 1 | 0 | -5 | 0.00 | 0 | 0 |